| 000 | 01929nam a22002657a 4500 | ||
|---|---|---|---|
| 008 | 130821s2005 xxua gr eng | ||
| 020 | _a0736055746 | ||
| 040 |
_aCo-BoUCM _bspa |
||
| 041 | 0 | 0 | _aeng |
| 060 | _aWE 103 | ||
| 100 | 1 |
_aHaywood, Kathleen. _9152210 |
|
| 245 | 1 | 0 |
_aLife span motor development _cKathleen M. Haywood, Nancy Getchell |
| 250 | _a4a. Ed. | ||
| 260 |
_aChampaign (Illinois, Estados Unidos) _bHuman Kinetics _cc2005 |
||
| 300 |
_axvii, 326 páginas _bilustraciones _e1 CD-ROM |
||
| 504 | _aIncluye referencias bibliográficas e índice. | ||
| 505 | 0 | _aPt. 1. Introduction to motor development -- Fundamental concepts -- Theoretical perspectives in motor development -- Pt. 2. Physical growth and aging -- Physical growth, maturation, and aging -- Development and aging of body systems -- Pt. 3. Development of motor skills across the life span -- Early motor development -- Development of human locomotion -- Development of ballistic skills -- Development of manipulative skills -- Pt. 4. Perceptual-motor development -- Sensory-perceptual development -- Perception and action in development -- Pt. 5. Functional constraints to motor development -- Social and cultural constraints in motor development -- Psychosocial constraints in motor development -- Knowledge as a functional constraint in motor development -- Pt. 6. Interaction of exercise and structural constraints -- Development of cardiorespiratory endurance -- Development of strength and flexibility -- Development of body composition -- Interactions between individual, environmental, and task constraints. | |
| 650 | 0 | 4 |
_aAptitud motora en niños _99282 |
| 650 | 0 | 4 |
_aAptitud motora _99280 |
| 650 | 0 | 4 |
_aMovimiento _919811 |
| 650 | 0 | 4 |
_aOrtopedia _926544 |
| 700 | 1 |
_aGetchell, Nancy _d1963- _9152211 |
|
| 856 | 4 | 1 |
_3COntenido _uhttp://www.loc.gov/catdir/toc/ecip0418/2004013158.html |
| 942 |
_cLIBRO _a15 _e4 _mH427L _2NLM _hWE 103 _n0 |
||
| 999 |
_c90134 _d90134 |
||